| 000 | 01118naa a22003137a 4500 | ||
|---|---|---|---|
| 001 | BR6010230 | ||
| 003 | BR-BrBNA | ||
| 005 | 20240918173157.0 | ||
| 007 | ta | ||
| 008 | 230509b bl.||||| |||| 00| 0 por d | ||
| 040 |
_aBR-BrBNA _bpor _cBiblioteca Nacional de Agricultura |
||
| 041 | _a(Pt) | ||
| 072 |
_aL00 _b6100 _bG514 |
||
| 090 | _aL00 BR6010230 | ||
| 100 | 1 | _aSantos, H.B. dos | |
| 111 | 1 |
_a7. Semana do Fazendeiro; 6. Encontro de Tecnicos e Fazendeiros _cUrucuca, BA (Brazil) _d19 Sep 1971 |
|
| 245 | 1 | _aImportancia da avicultura [Frango de corte; Manejo; Brasil] | |
| 260 | 3 |
_aUrucuca, BA (Brasil): _c1971. |
|
| 500 | _a7. Semana do Fazendeiro e 6. Encontro de Tecnicos e Fazendeiros Urucuca, BA (Brasil): 1971. p. 63-70 (BR6010230-AM)L00 | ||
| 650 | _aProducao animal | ||
| 650 | _aGalinha | ||
| 650 | _aFrango de corte | ||
| 650 | _aAvicultura | ||
| 650 | _aZootecnia | ||
| 650 | _aManejo | ||
| 773 | 0 |
_t7. Semana do Fazendeiro e 6. Encontro de Tecnicos e Fazendeiros _b _wL00 BR6010230 _gUrucuca, BA (Brasil), 1971. p. 63-70 |
|
| 909 |
_a202404 _bLucia _c55 _dLucia Elande |
||
| 942 |
_cAM _2AGRIS |
||
| 999 |
_c303311 _d303311 |
||